000 00375nam a2200109 a 4500
008 120416s9999 xx |||||||||||||| || u
050 _aNEWSPAPER
100 _aDzidonu, Clement
245 1 0 _aMore myths about computers
350 _a0.00
995 _D0.00
_FCBU-MAIN LIBRARY (Kitwe)
_H1
_I0.00
_UAVAILABLE
_ZInternational Publications
999 _c51688
_d51688